00643nam a2200169Ia 4500008004100000020001400041041000800055082001800063100005700081245008800138250000600226260004200232300001400274650003300288999001900321952013300340210716s2003 xx 000 0 und d a521540836 aeng a621.3822 DINP aDiniz, Paulo S R;Silva, Eduardo A B;Netto, Sergio L. aDigital signal processing: system analysis and design.bSystem analysis and design. a1 aUSAbCambridge University Pressc2003 axviii,612 aSignal Processing (621.3822) c185788d185788 001040708MCAaAIMITbAIMITePremier Bookshopg375.00l0o621.3822 DINPpMCA05296r2025-07-21 00:00:00v300.00w2021-07-16yBK